Southville International School and Colleges
Your cart is empty.
  • Cart
  • Lists
    Public lists Eva Luna New books Lux_list list_1
    Your lists Log in to create your own lists
  • Log in to your account
  • Your cookies
  • Search history
Southville International School and Colleges
  • Advanced search
  • Recent comments
  • Most popular
  • Libraries

Log in to your account

Log in with GOOGLE


If you do not have an external account, but do have a local account, you can still log in:

  1. Home
  2. MARC view: Harry Potter and the goblet of fire /
Normal view MARC view ISBD view

Harry Potter and the goblet of fire / (Record no. 283919)

[ view plain ]
MARC details
000 -LEADER
fixed length control field 01673cam a2200433 a 4500
001 - CONTROL NUMBER
control field 12103280
003 - CONTROL NUMBER IDENTIFIER
control field OSt
005 - DATE AND TIME OF LATEST TRANSACTION
control field 20150508162147.0
008 - FIXED-LENGTH DATA ELEMENTS--GENERAL INFORMATION
fixed length control field 000711s2000 nyua c 000 1 eng
010 ## - LIBRARY OF CONGRESS CONTROL NUMBER
LC control number 00131084
020 ## - INTERNATIONAL STANDARD BOOK NUMBER
International Standard Book Number 0439139600
020 ## - INTERNATIONAL STANDARD BOOK NUMBER
International Standard Book Number 9780439139601
040 ## - CATALOGING SOURCE
Original cataloging agency DLC
Transcribing agency DLC
Modifying agency WaU
-- DLC
042 ## - AUTHENTICATION CODE
Authentication code lcac
050 00 - LIBRARY OF CONGRESS CALL NUMBER
Classification number PZ 7
Item number .R884Gf 2002
100 1# - MAIN ENTRY--PERSONAL NAME
Personal name Rowling, J. K.
9 (RLIN) 17401
245 10 - TITLE STATEMENT
Title Harry Potter and the goblet of fire /
Statement of responsibility, etc by J.K. Rowling ; illustrations by Mary GrandPré.
250 ## - EDITION STATEMENT
Edition statement 1st American ed.
260 ## - PUBLICATION, DISTRIBUTION, ETC. (IMPRINT)
Place of publication, distribution, etc New York :
Name of publisher, distributor, etc Scholastic Inc.,
Date of publication, distribution, etc 2000.
300 ## - PHYSICAL DESCRIPTION
Extent xi, 734 pages :
Other physical details illustrations ;
Dimensions 20 cm.
526 ## - STUDY PROGRAM INFORMATION NOTE
Reading level 880
650 #0 - SUBJECT ADDED ENTRY--TOPICAL TERM
Topical term or geographic name as entry element Potter, Harry (Fictitious character)
Form subdivision Juvenile fiction.
9 (RLIN) 19412
650 #0 - SUBJECT ADDED ENTRY--TOPICAL TERM
Topical term or geographic name as entry element Granger, Hermione (Fictitious character)
Form subdivision Juvenile fiction.
9 (RLIN) 19413
650 #0 - SUBJECT ADDED ENTRY--TOPICAL TERM
Topical term or geographic name as entry element Weasley, Ron (Fictitious character)
Form subdivision Juvenile fiction.
9 (RLIN) 19414
650 #0 - SUBJECT ADDED ENTRY--TOPICAL TERM
Topical term or geographic name as entry element Hogwarts School of Witchcraft and Wizardry (Imaginary organization)
Form subdivision Juvenile fiction.
9 (RLIN) 19415
650 #0 - SUBJECT ADDED ENTRY--TOPICAL TERM
Topical term or geographic name as entry element Wizards
Form subdivision Juvenile fiction.
9 (RLIN) 19416
650 #0 - SUBJECT ADDED ENTRY--TOPICAL TERM
Topical term or geographic name as entry element Magic
Form subdivision Juvenile fiction.
9 (RLIN) 19417
650 #0 - SUBJECT ADDED ENTRY--TOPICAL TERM
Topical term or geographic name as entry element Schools
Form subdivision Juvenile fiction.
9 (RLIN) 19418
650 #1 - SUBJECT ADDED ENTRY--TOPICAL TERM
Topical term or geographic name as entry element Wizards
Form subdivision Fiction.
9 (RLIN) 19419
650 #1 - SUBJECT ADDED ENTRY--TOPICAL TERM
Topical term or geographic name as entry element Magic
Form subdivision Fiction.
9 (RLIN) 19420
650 #1 - SUBJECT ADDED ENTRY--TOPICAL TERM
Topical term or geographic name as entry element Schools
Form subdivision Fiction.
9 (RLIN) 19421
651 #0 - SUBJECT ADDED ENTRY--GEOGRAPHIC NAME
Geographic name England
Form subdivision Juvenile fiction.
9 (RLIN) 19422
651 #1 - SUBJECT ADDED ENTRY--GEOGRAPHIC NAME
Geographic name England
Form subdivision Fiction.
9 (RLIN) 19423
700 1# - ADDED ENTRY--PERSONAL NAME
Personal name GrandPré, Mary,
Relator term illustrator.
9 (RLIN) 19424
906 ## - LOCAL DATA ELEMENT F, LDF (RLIN)
a 7
b cbc
c orignew
d 1
e opcn
f 20
g y-gencatlg
942 ## - ADDED ENTRY ELEMENTS (KOHA)
Source of classification or shelving scheme Library of Congress Classification
Koha item type Books
Holdings
Withdrawn status Lost status Source of classification or shelving scheme Damaged status Home library Current library Shelving location Date acquired Source of acquisition Sub Shelving location Total Checkouts Total Renewals Full call number Barcode Date last seen Date checked out Price effective from Koha item type
    Library of Congress Classification   College Library College Library Fiction Section 05/08/2015 Library Fund   4 2 PZ 7 .R884Gf 2002 C19256 05/08/2018 08/01/2016 05/08/2015 Books

Harry Potter and the goblet of fire /

APA

Rowling J. K., GrandPré M., . (2000). Harry Potter and the goblet of fire. New York: Scholastic Inc.

Chicago

Rowling J K, GrandPré Mary, . 2000. Harry Potter and the goblet of fire. New York: Scholastic Inc.

Harvard

Rowling J. K., GrandPré M., . (2000). Harry Potter and the goblet of fire. New York: Scholastic Inc.

MLA

Rowling J K, GrandPré Mary, . Harry Potter and the goblet of fire. New York: Scholastic Inc. 2000.

  • Place hold
  • Print
  • Cite
  • Add to your cart (remove)
  • Save record
    BIBTEX Dublin Core MARCXML MARC (non-Unicode/MARC-8) MARC (Unicode/UTF-8) MARC (Unicode/UTF-8, Standard) MODS (XML) RIS
  • More searches
    Search for this title in:
    Other Libraries (WorldCat) Other Databases (Google Scholar) Online Stores (Bookfinder.com) Open Library (openlibrary.org)

Exporting to Dublin Core...

SOUTHVILLE LIBRARY

Southville International School and Colleges Library

1281 Tropical Ave. Cor. Luxembourg St., BF Homes International, Las Pinas City

Tel. No. 8256374 / 252358 Loc. 117/146

Powered by Koha